[Event "Valle d'Aosta op 11th"]
[Site "Saint Vincent"]
[Date "2003.02.11"]
[Round "4"]
[White "Sedina, Elena"]
[Black "Carlsen, Magnus"]
[Result "1-0"]
[WhiteElo "2425"]
[BlackElo "2279"]
[PlyCount "93"]
[EventDate "2003.02.08"]
[EventType "swiss"]
[EventRounds "9"]
[EventCountry "ITA"]

1. e4 e5 2. Nf3 Nc6 3. Nc3 Nf6 4. g3 Nxe4 5. Nxe4 d5 6. Nc3 d4 7. Bg2 dxc3 8.
bxc3 Bd6 9. O-O O-O 10. Rb1 Rb8 11. d4 Bg4 12. h3 Bh5 13. g4 Bg6 14. dxe5 Nxe5
15. Nxe5 Bxe5 16. Qxd8 Rfxd8 17. f4 Bxc2 18. Rb2 Bd3 19. fxe5 Bxf1 20. Bxf1 b6
21. Kf2 Rd5 22. Bf4 Rbd8 23. Be2 h6 24. h4 Kf8 25. h5 Rc5 26. Rc2 Ra5 27. Ke3
Rc5 28. Ke4 Re8 29. Kf3 Re6 30. a4 c6 31. Bd3 Ra5 32. Bf5 Re7 33. Rd2 Rd5 34.
Rd4 Re8 35. Be4 Rc5 36. c4 Kg8 37. Bf5 a6 38. Bd7 Ra8 39. e6 fxe6 40. Bd6 Ra5
41. Bxc6 Ra7 42. Bb4 Rg5 43. Rd8+ Kh7 44. Be4+ g6 45. hxg6+ Kg7 46. Bf8+ Kf6
47. Bxh6 1-0

[Event "NOR-chT east 0203"]
[Site "Norway"]
[Date "2003.01.18"]
[Round "4"]
[White "Carlsen, Magnus"]
[Black "Lillevold, Frode"]
[Result "1/2-1/2"]
[WhiteElo "2214"]
[BlackElo "2079"]
[PlyCount "153"]
[EventDate "2002.11.09"]
[EventType "swiss"]
[EventRounds "9"]
[EventCountry "NOR"]

1. d4 d6 2. Nf3 Bg4 3. c4 Nd7 4. Qb3 Rb8 5. h3 Bxf3 6. Qxf3 e5 7. d5 Be7 8. Nc3
a6 9. e3 Nh6 10. e4 Bg5 11. h4 Bxc1 12. Rxc1 Qf6 13. Qe3 Ng4 14. Qe2 Qf4 15.
Rd1 Ngf6 16. g3 Qh6 17. Bh3 Ke7 18. b4 a5 19. a3 axb4 20. axb4 Ra8 21. Kf1 Ra6
22. Nb5 Rha8 23. Kg2 Ne8 24. c5 Ra2 25. Qf3 Ndf6 26. Rc1 Qd2 27. Rc4 Rc2 28.
Nc3 Ra3 29. Nb1 Rxf3 30. Nxd2 Rxc4 31. Nxc4 Rb3 32. c6 b6 33. f3 Rxb4 34. Ne3
Rb2+ 35. Kg1 g6 36. Rh2 Rxh2 37. Kxh2 Kd8 38. g4 h5 39. g5 Ng8 40. Kg3 Ne7 41.
f4 exf4+ 42. Kxf4 Nc8 43. Nc2 Na7 44. Nd4 Ke7 45. Bd7 Kd8 46. Bh3 Ke7 47. Bf1
Ng7 48. Nc2 Ne8 49. Nb4 Kd8 50. Na6 Kc8 51. e5 dxe5+ 52. Kxe5 Kd8 53. Bc4 Nc8
54. Bd3 Ncd6 55. Bc2 Ng7 56. Kf6 Nge8+ 57. Ke5 Ke7 58. Bd3 Kd8 59. Nb4 Ng7 60.
Kf6 Ngf5 61. Bxf5 Nxf5 62. Kxf7 Nxh4 63. Nd3 b5 64. Kf6 Nf3 65. Kxg6 h4 66. Kf5
h3 67. g6 Nh4+ 68. Kg4 Nxg6 69. Kxh3 Ke7 70. Kg4 Kd6 71. Kf5 Ne7+ 72. Ke4 Nxd5
73. Kd4 Ne7 74. Kc3 Nxc6 75. Kb3 Ne5 76. Nf2 c5 77. Nd3 1/2-1/2

[Event "Troll Masters"]
[Site "Gausdal"]
[Date "2003.01.12"]
[Round "7"]
[White "Nygren, Kim"]
[Black "Carlsen, Magnus"]
[Result "0-1"]
[WhiteElo "2202"]
[BlackElo "2279"]
[PlyCount "102"]
[EventDate "2003.01.07"]
[EventType "swiss"]
[EventRounds "10"]
[EventCountry "NOR"]

1. e4 c5 2. Nf3 e6 3. d4 cxd4 4. Nxd4 a6 5. Nc3 b5 6. g3 Bb7 7. Bg2 Nc6 8. O-O
Nxd4 9. Qxd4 Ne7 10. Bf4 Nc6 11. Qd2 Na5 12. b3 Rc8 13. Nd5 exd5 14. exd5 Be7
15. d6 Bf6 16. Rae1+ Kf8 17. Re7 Bxg2 18. Kxg2 Nc6 19. Re4 g5 20. Be3 Kg7 21.
h4 Re8 22. Rxe8 Qxe8 23. hxg5 Bd8 24. Re1 Qe4+ 25. f3 Qg6 26. Rh1 Ne5 27. c3
Qd3 28. Qxd3 Nxd3 29. Bd4+ Kg8 30. f4 b4 31. c4 Rc6 32. Kf3 Bb6 33. Bxb6 Rxb6
34. Ke3 Nc5 35. Kd4 Nb7 36. Rh6 a5 37. g4 a4 38. bxa4 Ra6 39. Rh2 Rxd6+ 40. Ke5
Ra6 41. Rh6 d6+ 42. Kd5 Rxa4 43. Kc6 Nd8+ 44. Kxd6 Rxa2 45. Ke7 Ne6 46. f5 Ra7+
47. Ke8 Nc5 48. Rh1 b3 49. Rb1 Rb7 50. Kd8 b2 51. Kc8 Kg7 0-1

[Event "Troll Masters"]
[Site "Gausdal"]
[Date "2003.01.10"]
[Round "5"]
[White "Johansen, Paul Arne"]
[Black "Carlsen, Magnus"]
[Result "0-1"]
[WhiteElo "2239"]
[BlackElo "2279"]
[PlyCount "86"]
[EventDate "2003.01.07"]
[EventType "swiss"]
[EventRounds "10"]
[EventCountry "NOR"]

1. e4 Nf6 2. Nc3 e5 3. d3 Nc6 4. Bg5 Bb4 5. a3 Ba5 6. Nf3 h6 7. Bd2 d6 8. h3
Be6 9. Ne2 Bb6 10. c4 g5 11. g4 Qe7 12. Ng3 h5 13. gxh5 g4 14. Bg5 gxf3 15.
Qxf3 Nd4 16. Qxf6 Qxf6 17. Bxf6 Rh6 18. Bg7 Rh7 19. h6 Nc2+ 20. Ke2 Nxa1 21.
Nh5 Ke7 22. f4 Rah8 23. Bf6+ Ke8 24. Bxh8 Rxh8 25. h7 Ke7 26. f5 Rxh7 27. Ng3
Bd7 28. h4 Kf6 29. b4 Nc2 30. Kd2 Nd4 31. Bg2 c6 32. Rh3 Rh8 33. Kd1 a5 34. Nh1
axb4 35. axb4 Ra8 36. Rg3 Ra1+ 37. Kd2 Ra2+ 38. Kd1 c5 39. h5 Ne2 40. Rg8 Nc3+
41. Ke1 cxb4 42. h6 Be3 43. h7 Ra1# 0-1

[Event "Troll Masters"]
[Site "Gausdal"]
[Date "2003.01.10"]
[Round "4"]
[White "Carlsen, Magnus"]
[Black "Berg, Olaf"]
[Result "1-0"]
[WhiteElo "2279"]
[BlackElo "2065"]
[PlyCount "91"]
[EventDate "2003.01.07"]
[EventType "swiss"]
[EventRounds "10"]
[EventCountry "NOR"]

1. e4 c5 2. Nf3 d6 3. d4 cxd4 4. Qxd4 Nc6 5. Bb5 a6 6. Bxc6+ bxc6 7. Nc3 c5 8.
Qd3 Bb7 9. Bg5 g6 10. O-O-O f6 11. Bf4 Nh6 12. e5 fxe5 13. Nxe5 dxe5 14. Qe3
exf4 15. Rxd8+ Rxd8 16. Qxf4 Nf5 17. Qa4+ Rd7 18. Rd1 Nd4 19. Qc4 e6 20. Kb1
Be7 21. Qa4 Bc6 22. Qxa6 Kf7 23. f3 Rb8 24. Re1 Rdb7 25. b3 Rb6 26. Qd3 Bb7 27.
h4 Ba6 28. Qe4 Bf6 29. Qf4 R8b7 30. Ne4 e5 31. Qh6 Bg7 32. Qxh7 Rb8 33. Ng5+
Kf6 34. f4 exf4 35. Re7 Kxe7 36. Qxg7+ Kd6 37. Ne4+ Kc6 38. Qxg6+ Kb7 39. Nxc5+
Ka8 40. Qe4+ Nc6 41. Nd7 R8b7 42. Nxb6+ Rxb6 43. h5 Kb7 44. h6 Kc7 45. h7 Rb8
46. Qxf4+ 1-0

[Event "Troll Masters"]
[Site "Gausdal"]
[Date "2003.01.09"]
[Round "3"]
[White "Ovsejevitsch, Sergei"]
[Black "Carlsen, Magnus"]
[Result "1-0"]
[WhiteElo "2517"]
[BlackElo "2279"]
[PlyCount "81"]
[EventDate "2003.01.07"]
[EventType "swiss"]
[EventRounds "10"]
[EventCountry "NOR"]

1. Nf3 Nf6 2. c4 e6 3. d4 d5 4. Nc3 Be7 5. Bg5 O-O 6. e3 Nbd7 7. cxd5 Nxd5 8.
Bxe7 Qxe7 9. Bd3 c5 10. O-O Nb4 11. Be2 cxd4 12. Nxd4 Nf6 13. a3 Nbd5 14. Nxd5
Nxd5 15. Bf3 Nf6 16. Nb5 Rd8 17. Qb3 e5 18. Qb4 Qxb4 19. axb4 e4 20. Be2 a6 21.
Rfd1 Be6 22. Nc7 Rxd1+ 23. Rxd1 Rc8 24. Nxe6 fxe6 25. b5 axb5 26. Bxb5 Rc2 27.
b3 Nd5 28. Bc4 Nc3 29. Bxe6+ Kf8 30. Ra1 Ke7 31. Bg8 h6 32. h4 b5 33. Ra7+ Kf8
34. Be6 Nd1 35. Rd7 Rc1 36. Kh2 g6 37. Kg3 Nc3 38. Rf7+ Ke8 39. Rg7 Rh1 40.
Rxg6 h5 41. Kf4 1-0

[Event "Troll Masters"]
[Site "Gausdal"]
[Date "2003.01.08"]
[Round "2"]
[White "Carlsen, Magnus"]
[Black "Lugovoi, Aleksei"]
[Result "1/2-1/2"]
[WhiteElo "2279"]
[BlackElo "2540"]
[PlyCount "86"]
[EventDate "2003.01.07"]
[EventType "swiss"]
[EventRounds "10"]
[EventCountry "NOR"]

1. Nf3 Nf6 2. c4 e6 3. d4 b6 4. g3 Ba6 5. Qa4 Bb7 6. Bg2 c5 7. O-O Qc8 8. dxc5
Bxc5 9. Nc3 O-O 10. Bf4 Nh5 11. Be5 Nc6 12. Rad1 Rd8 13. Ne4 d5 14. Nxc5 bxc5
15. cxd5 exd5 16. e3 Nxe5 17. Nxe5 Qc7 18. Nd3 Qb6 19. b3 Rac8 20. Rc1 Nf6 21.
Rfd1 h6 22. Bh3 Rc7 23. Bg2 a5 24. Nf4 Rcc8 25. Qa3 g5 26. Nd3 Ne4 27. Bxe4
dxe4 28. Ne5 Bd5 29. Nc4 Bxc4 30. Rxd8+ Rxd8 31. bxc4 Rd2 32. Qa4 Kg7 33. a3
Qb2 34. Rf1 Qc3 35. Rb1 Ra2 36. Qb5 Ra1 37. a4 Rxb1+ 38. Qxb1 Qxc4 39. Qb2+ Kh7
40. Qb7 Kg7 41. Qb2+ f6 42. Qb7+ Kg6 43. Qc6 Qb4 1/2-1/2

[Event "Troll Masters"]
[Site "Gausdal"]
[Date "2003.01.07"]
[Round "1"]
[White "Sander, Rolf"]
[Black "Carlsen, Magnus"]
[Result "0-1"]
[WhiteElo "2048"]
[BlackElo "2279"]
[PlyCount "44"]
[EventDate "2003.01.07"]
[EventType "swiss"]
[EventRounds "10"]
[EventCountry "NOR"]

1. e4 c5 2. Nf3 e6 3. d4 cxd4 4. Nxd4 a6 5. Bd3 Qc7 6. O-O Nf6 7. Kh1 d5 8. Nc3
Bc5 9. Nb3 dxe4 10. Nxe4 Nxe4 11. Bxe4 Bd6 12. Qh5 Nd7 13. Bg5 Be5 14. Rad1 Nf6
15. Qh4 Bd7 16. Nd4 O-O-O 17. Rd3 h6 18. Rc3 hxg5 19. Rxc7+ Bxc7 20. Qxh8 Rxh8
21. Bf3 g4 22. Be2 Bxh2 0-1

[Event "Wch U12"]
[Site "Heraklio"]
[Date "2002.11.22"]
[Round "9"]
[White "Susilodinata, Andrean"]
[Black "Carlsen, Magnus"]
[Result "0-1"]
[WhiteElo "2242"]
[BlackElo "2250"]
[PlyCount "78"]
[EventDate "2002.11.15"]
[EventType "swiss"]
[EventRounds "11"]
[EventCountry "GRE"]

1. e4 Nf6 2. e5 Nd5 3. d4 d6 4. c4 Nb6 5. exd6 exd6 6. Nf3 Be7 7. Be2 O-O 8.
O-O Bg4 9. b3 Nc6 10. Bb2 Bf6 11. Nbd2 Re8 12. Re1 d5 13. c5 Nd7 14. Rc1 Nf8
15. Ne5 Bxe2 16. Rxe2 Bxe5 17. dxe5 Nb4 18. Rc3 Nxa2 19. Rg3 Ne6 20. Nf3 Nb4
21. Nd4 Nc6 22. Nf5 d4 23. Re4 Qd5 24. Qf3 Kf8 25. Rh4 Qxf3 26. gxf3 g6 27.
Nxd4 Nexd4 28. Bxd4 Nxd4 29. Rxd4 Rxe5 30. b4 a5 31. f4 Re1+ 32. Kg2 a4 33. Ra3
Rb1 34. Rd7 Rb3 35. Ra2 a3 36. Rxc7 Rb2 37. Ra1 a2 38. Rd7 Rb1 39. Rd1 Rxd1 0-1

[Event "Wch U12"]
[Site "Heraklio"]
[Date "2002.11.19"]
[Round "6"]
[White "Carlsen, Magnus"]
[Black "Bindrich, Falko"]
[Result "1-0"]
[WhiteElo "2250"]
[BlackElo "2172"]
[PlyCount "43"]
[EventDate "2002.11.15"]
[EventType "swiss"]
[EventRounds "11"]
[EventCountry "GRE"]

1. e4 c5 2. Nc3 d6 3. f4 Nc6 4. Nf3 g6 5. Bb5 Bg7 6. O-O a6 7. Bxc6+ bxc6 8.
Qe2 e6 9. e5 d5 10. b3 Nh6 11. Ba3 Bf8 12. Na4 Qa5 13. d3 Rb8 14. c4 Nf5 15.
Qe1 Rb4 16. Bxb4 cxb4 17. cxd5 exd5 18. Rc1 c5 19. Qf2 d4 20. Nd2 Bb7 21. Nc4
Qc7 22. Rfe1 1-0

[Event "Wch U12"]
[Site "Heraklio"]
[Date "2002.11.18"]
[Round "5"]
[White "Fodor, Tamas Jr"]
[Black "Carlsen, Magnus"]
[Result "1-0"]
[WhiteElo "2100"]
[BlackElo "2250"]
[PlyCount "58"]
[EventDate "2002.11.15"]
[EventType "swiss"]
[EventRounds "11"]
[EventCountry "GRE"]

1. d4 d5 2. Nc3 Nf6 3. Bg5 Nbd7 4. Nf3 c6 5. e3 Qa5 6. Bd3 Ne4 7. O-O Nxg5 8.
Nxg5 Nf6 9. e4 Bg4 10. f3 dxe4 11. Ngxe4 Bf5 12. Ne2 e6 13. c3 Bg6 14. Nxf6+
gxf6 15. Ng3 O-O-O 16. f4 Bxd3 17. Qxd3 f5 18. b4 Qd5 19. Qd2 Be7 20. Rf3 Bh4
21. Rb1 Be7 22. Nf1 c5 23. Ne3 Qe4 24. Qb2 cxd4 25. Nc4 Bf6 26. Qb3 dxc3 27.
Rc1 Rhg8 28. Kf1 Rxg2 29. Kxg2 Qe2+ 1-0

[Event "NOR-chT east 0203"]
[Site "Norway"]
[Date "2002.11.10"]
[Round "2"]
[White "Byklum, Bjornar"]
[Black "Carlsen, Magnus"]
[Result "0-1"]
[WhiteElo "2186"]
[BlackElo "2214"]
[PlyCount "43"]
[EventDate "2002.11.09"]
[EventType "swiss"]
[EventRounds "9"]
[EventCountry "NOR"]

1. e4 Nf6 2. e5 Nd5 3. d4 d6 4. c4 Nb6 5. exd6 exd6 6. Nc3 Be7 7. Qf3 O-O 8.
Be3 Nc6 9. O-O-O Be6 10. c5 Nc4 11. Bd3 Nxe3 12. Qxe3 Re8 13. Nge2 Nb4 14. Qf3
Qd7 15. h4 Bg4 16. Qg3 Bf6 17. Ne4 Rxe4 18. Bxe4 Bxe2 19. Rd2 Bc4 20. a3 Bd5
21. Bb1 Nc6 22. Qf4 0-1

[Event "EU-ch U12"]
[Site "Peniscola"]
[Date "2002.10.08"]
[Round "9"]
[White "Carlsen, Magnus"]
[Black "Khairullin, Ildar"]
[Result "1/2-1/2"]
[WhiteElo "2214"]
[BlackElo "2329"]
[PlyCount "48"]
[EventDate "2002.09.29"]
[EventType "swiss"]
[EventRounds "9"]
[EventCountry "ESP"]

1. e4 c5 2. Nf3 Nf6 3. Nc3 Nc6 4. e5 Ng4 5. Qe2 d6 6. exd6 Qxd6 7. d4 cxd4 8.
Nb5 Qb8 9. Nbxd4 Nxd4 10. Nxd4 e5 11. h3 Nf6 12. Bf4 Bd6 13. Nb5 O-O 14. Bh2
Re8 15. O-O-O Bf8 16. Qe3 a6 17. Na3 b5 18. Be2 Qa7 19. Qxa7 Rxa7 20. Rhe1 Bc5
21. Bf3 Bd4 22. Be4 Nxe4 23. Rxe4 Rae7 24. Re2 f6 1/2-1/2

[Event "EU-ch U12"]
[Site "Peniscola"]
[Date "2002.10.07"]
[Round "8"]
[White "Carlsen, Magnus"]
[Black "Potapov, Pavel"]
[Result "1/2-1/2"]
[WhiteElo "2214"]
[BlackElo "2093"]
[PlyCount "68"]
[EventDate "2002.09.29"]
[EventType "swiss"]
[EventRounds "9"]
[EventCountry "ESP"]

1. e4 e5 2. Nf3 Nc6 3. Nc3 Nf6 4. a3 d6 5. d4 exd4 6. Nxd4 Nxd4 7. Qxd4 Be7 8.
Bc4 O-O 9. O-O Kh8 10. Bg5 Ng4 11. Bxe7 Qxe7 12. f4 Be6 13. Be2 Qh4 14. Bxg4
Bxg4 15. f5 f6 16. Nd5 Rfc8 17. Rf4 Qg5 18. h4 Qh5 19. c4 c6 20. Ne3 Be2 21.
Rf2 Re8 22. g4 Bxg4 23. e5 Bf3 24. Qf4 Be2 25. exd6 Rad8 26. Re1 Bd3 27. Ng2
Rxe1+ 28. Nxe1 Qd1 29. Qe3 Bxc4 30. Rd2 Qg4+ 31. Ng2 Qxf5 32. d7 Qe6 33. Qxa7
Bd5 34. Qxb7 h6 1/2-1/2

[Event "EU-ch U12"]
[Site "Peniscola"]
[Date "2002.10.06"]
[Round "7"]
[White "Andreikin, Dmitry"]
[Black "Carlsen, Magnus"]
[Result "1-0"]
[WhiteElo "2369"]
[BlackElo "2214"]
[PlyCount "85"]
[EventDate "2002.09.29"]
[EventType "swiss"]
[EventRounds "9"]
[EventCountry "ESP"]

1. e4 g6 2. d4 Bg7 3. Nc3 d6 4. Be2 Nd7 5. h4 c5 6. Be3 h5 7. Nf3 cxd4 8. Bxd4
Ngf6 9. Ng5 O-O 10. f3 Ne5 11. Qd2 Nc6 12. Be3 Bd7 13. Bc4 Ne5 14. Bb3 b5 15.
Nd5 Nxd5 16. Bxd5 Nc4 17. Bxc4 bxc4 18. c3 Qa5 19. Bd4 Rab8 20. Bxg7 Kxg7 21.
O-O f6 22. Nh3 Bxh3 23. gxh3 Rb7 24. Kh1 Qe5 25. Qg2 f5 26. Rae1 Qf6 27. f4 Rb5
28. Rg1 Rf7 29. Re3 Kh7 30. Rg3 Rg7 31. Rg5 Rc5 32. Qe2 Qe6 33. Kh2 fxe4 34.
Rxc5 dxc5 35. Re1 Qd6 36. Qxe4 Rf7 37. Kg3 Qd2 38. Re2 Qd1 39. Kg2 Qd3 40. Qe6
Kg7 41. Rf2 Qd6 42. Qxc4 e5 43. Qxf7+ 1-0

[Event "Kiel op 15th"]
[Site "Kiel"]
[Date "2002.08.16"]
[Round "9"]
[White "Carlsen, Magnus"]
[Black "Scheerer, Christoph"]
[Result "1/2-1/2"]
[WhiteElo "2214"]
[BlackElo "2384"]
[PlyCount "70"]
[EventDate "2002.08.10"]
[EventType "swiss"]
[EventRounds "9"]
[EventCountry "GER"]

1. Nf3 Nc6 2. d4 d5 3. Bf4 Bg4 4. e3 e6 5. Be2 Bd6 6. Bxd6 cxd6 7. O-O Nge7 8.
h3 Bh5 9. Nbd2 O-O 10. c4 Rc8 11. Rc1 h6 12. cxd5 Nxd5 13. Ne4 Bg6 14. Nc3 Ncb4
15. Nxd5 Rxc1 16. Qxc1 Nxd5 17. Qd2 Qd7 18. Rc1 Rc8 19. Ne1 Rc7 20. Bd3 Rxc1
21. Qxc1 Bxd3 22. Nxd3 Qb5 23. Qc8+ Kh7 24. Qc2 g6 25. a3 Kg7 26. Ne1 Nb6 27.
Nd3 Kf6 28. Qc3 Ke7 29. Qc7+ Nd7 30. Qc3 Kd8 31. e4 Nf6 32. f3 Nd7 33. Kf2 Nb6
34. b3 Nd7 35. a4 Qb6 1/2-1/2

[Event "Kiel op 15th"]
[Site "Kiel"]
[Date "2002.08.15"]
[Round "8"]
[White "Langer, Wolfgang1"]
[Black "Carlsen, Magnus"]
[Result "0-1"]
[WhiteElo "2093"]
[BlackElo "2214"]
[PlyCount "50"]
[EventDate "2002.08.10"]
[EventType "swiss"]
[EventRounds "9"]
[EventCountry "GER"]

1. Nf3 Nf6 2. g3 g6 3. b3 Bg7 4. Bb2 O-O 5. Bg2 d5 6. d4 c5 7. e3 Nc6 8. O-O
cxd4 9. exd4 Bg4 10. Nbd2 Ne4 11. h3 Bf5 12. g4 Nxd2 13. Qxd2 Be4 14. Rfe1 e6
15. Rac1 Qb6 16. Ne5 Bxg2 17. Kxg2 Rad8 18. f4 Nxe5 19. fxe5 f6 20. exf6 Bxf6
21. Ba3 Rf7 22. Bc5 Qc6 23. Bb4 Re8 24. Kg1 Qc7 25. Qd3 Bxd4+ 0-1

[Event "Kiel op 15th"]
[Site "Kiel"]
[Date "2002.08.14"]
[Round "6"]
[White "Feuerstack, Aljoscha"]
[Black "Carlsen, Magnus"]
[Result "1-0"]
[WhiteElo "2120"]
[BlackElo "2214"]
[PlyCount "97"]
[EventDate "2002.08.10"]
[EventType "swiss"]
[EventRounds "9"]
[EventCountry "GER"]

1. e4 c5 2. c3 d5 3. exd5 Qxd5 4. d4 Nc6 5. Nf3 Bg4 6. Be2 cxd4 7. cxd4 e6 8.
Nc3 Bb4 9. O-O Bxc3 10. bxc3 Nge7 11. h3 Bh5 12. Rb1 Qxa2 13. Rb2 Qa1 14. Qb3
Qa5 15. Qxb7 O-O 16. Rb5 Qa2 17. Rb2 Qd5 18. Rb5 Qe4 19. Be3 Rab8 20. Qa6 Rxb5
21. Qxb5 Bg6 22. Nd2 Qd5 23. Bf4 Rc8 24. Nb3 Qe4 25. Bh2 Qc2 26. Rc1 Qb2 27.
Bf1 Bc2 28. Qe2 Qxb3 29. Qxc2 Qxc2 30. Rxc2 Nxd4 31. Rd2 Ndc6 32. Ba6 Rd8 33.
Rxd8+ Nxd8 34. Kf1 Ndc6 35. Ke2 e5 36. Kd3 f6 37. f4 Kf7 38. fxe5 fxe5 39. Kc4
Kf6 40. Kc5 e4 41. Bb7 a5 42. Bxc6 Nxc6 43. Kxc6 a4 44. Kd5 e3 45. Kc4 Kf5 46.
Kb4 Ke4 47. Kxa4 Kd3 48. Kb4 Ke2 49. Bf4 1-0

[Event "Kiel op 15th"]
[Site "Kiel"]
[Date "2002.08.13"]
[Round "5"]
[White "Carlsen, Magnus"]
[Black "Kopylov, Mihail"]
[Result "0-1"]
[WhiteElo "2214"]
[BlackElo "2421"]
[PlyCount "104"]
[EventDate "2002.08.10"]
[EventType "swiss"]
[EventRounds "9"]
[EventCountry "GER"]

1. e4 Nf6 2. e5 Nd5 3. d4 d6 4. Nf3 g6 5. c4 Nb6 6. exd6 cxd6 7. Be2 Bg7 8. O-O
O-O 9. Nc3 Nc6 10. Be3 Bg4 11. b3 d5 12. c5 Nc8 13. b4 a6 14. b5 axb5 15. Nxb5
e6 16. h3 Bxf3 17. Bxf3 N8e7 18. Qd2 Qa5 19. Qb2 e5 20. Rfd1 e4 21. Be2 Nf5 22.
Nd6 Nxd6 23. cxd6 Ra7 24. Bb5 Qb6 25. Rab1 Rd8 26. Bxc6 Qxb2 27. Rxb2 bxc6 28.
Rb6 Bf8 29. Rxc6 Bxd6 30. Bg5 Be7 31. Bxe7 Rxe7 32. Rdc1 Ra7 33. Rc8 Rxc8 34.
Rxc8+ Kg7 35. Rc5 Rxa2 36. Rxd5 Ra1+ 37. Kh2 Ra3 38. Re5 f5 39. Re7+ Kh6 40. g4
Rd3 41. gxf5 gxf5 42. Rd7 f4 43. Rf7 Kg5 44. Re7 Rxd4 45. Rxh7 Rd2 46. Kg1 Rd1+
47. Kh2 Rd2 48. Kg1 f3 49. Rg7+ Kf6 50. Rg4 Ke5 51. Rg8 Ra2 52. Rd8 Ra7 0-1

[Event "Kiel op 15th"]
[Site "Kiel"]
[Date "2002.08.12"]
[Round "4"]
[White "Hansen, Victor"]
[Black "Carlsen, Magnus"]
[Result "0-1"]
[WhiteElo "2142"]
[BlackElo "2214"]
[PlyCount "60"]
[EventDate "2002.08.10"]
[EventType "swiss"]
[EventRounds "9"]
[EventCountry "GER"]

1. Nf3 Nf6 2. c4 c6 3. d4 d5 4. e3 Bf5 5. Nc3 e6 6. Be2 Nbd7 7. Nh4 Be4 8. f3
Bg6 9. Nxg6 hxg6 10. e4 dxe4 11. fxe4 e5 12. dxe5 Nxe5 13. Bg5 Qb6 14. Qb3 Bc5
15. Qxb6 axb6 16. Bxf6 gxf6 17. Kd2 Bb4 18. Kc2 Ke7 19. a3 Bxc3 20. Kxc3 Rh4
21. Bf3 Rah8 22. h3 Nxf3 23. gxf3 Rxh3 24. Rxh3 Rxh3 25. Rf1 Ke6 26. Kd4 Rh2
27. Rb1 f5 28. c5 b5 29. Re1 f4 30. Kc3 Rf2 0-1

[Event "Kiel op 15th"]
[Site "Kiel"]
[Date "2002.08.11"]
[Round "3"]
[White "Carlsen, Magnus"]
[Black "Kalinitschew, Sergey"]
[Result "1/2-1/2"]
[WhiteElo "2214"]
[BlackElo "2487"]
[PlyCount "48"]
[EventDate "2002.08.10"]
[EventType "swiss"]
[EventRounds "9"]
[EventCountry "GER"]

1. Nf3 c5 2. c4 Nc6 3. Nc3 g6 4. g3 Bg7 5. Bg2 d6 6. O-O Nf6 7. e3 O-O 8. d4
Bf5 9. b3 cxd4 10. Nxd4 Bg4 11. Qd2 Qc8 12. Bb2 Bh3 13. Nd5 Nxd5 14. cxd5 Bxg2
15. Kxg2 Nxd4 16. Bxd4 Qf5 17. Bxg7 Kxg7 18. Qd4+ Qf6 19. Qb4 Qe5 20. Qxb7 Rfb8
21. Qc6 Rc8 22. Qb7 Rcb8 23. Qc6 Rc8 24. Qb7 Rcb8 1/2-1/2

[Event "Bergen Sommer op"]
[Site "Bergen"]
[Date "2002.07.28"]
[Round "9"]
[White "Yakovich, Yuri"]
[Black "Carlsen, Magnus"]
[Result "1-0"]
[WhiteElo "2586"]
[BlackElo "2214"]
[PlyCount "49"]
[EventDate "2002.07.20"]
[EventType "swiss"]
[EventRounds "9"]
[EventCountry "NOR"]

1. d4 Nf6 2. c4 e6 3. Nf3 b6 4. Nc3 Bb7 5. a3 d5 6. cxd5 Nxd5 7. Qc2 Be7 8. e4
Nxc3 9. bxc3 c5 10. Bb5+ Bc6 11. Bd3 O-O 12. O-O cxd4 13. cxd4 Bb7 14. Bf4 Nc6
15. d5 exd5 16. exd5 Qxd5 17. Bxh7+ Kh8 18. Be4 Qc5 19. Qe2 f5 20. Bxc6 Bxc6
21. Ne5 Be8 22. Nd3 Qd5 23. Qxe7 Bc6 24. Qh4+ Kg8 25. Qg3 1-0

[Event "Bergen Sommer op"]
[Site "Bergen"]
[Date "2002.07.27"]
[Round "8"]
[White "Carlsen, Magnus"]
[Black "Manne, Per Erik"]
[Result "1-0"]
[WhiteElo "2214"]
[BlackElo "2338"]
[PlyCount "47"]
[EventDate "2002.07.20"]
[EventType "swiss"]
[EventRounds "9"]
[EventCountry "NOR"]

1. Nf3 Nf6 2. g3 d5 3. Bg2 e6 4. O-O Be7 5. c4 O-O 6. d4 c6 7. Qc2 Nbd7 8. b3
b6 9. Bb2 Bb7 10. Nbd2 Rc8 11. e4 c5 12. exd5 exd5 13. Qf5 dxc4 14. Nxc4 Be4
15. Qh3 Re8 16. Rad1 Qc7 17. dxc5 Bxc5 18. Nd4 Bxg2 19. Qxg2 Bxd4 20. Bxd4 Re2
21. a4 Qc6 22. Qxc6 Rxc6 23. Ne3 a6 24. Bxf6 1-0

[Event "Bergen Sommer op"]
[Site "Bergen"]
[Date "2002.07.26"]
[Round "7"]
[White "Lahlum, Hans Olav"]
[Black "Carlsen, Magnus"]
[Result "1/2-1/2"]
[WhiteElo "2217"]
[BlackElo "2214"]
[PlyCount "73"]
[EventDate "2002.07.20"]
[EventType "swiss"]
[EventRounds "9"]
[EventCountry "NOR"]

1. d4 d5 2. c4 c6 3. Nc3 Nf6 4. e3 a6 5. Nf3 b5 6. b3 Bg4 7. Be2 e6 8. O-O Nbd7
9. h3 Bh5 10. Bb2 Be7 11. Rc1 O-O 12. Qc2 Rc8 13. c5 Qc7 14. b4 a5 15. a3 Ra8
16. Kh1 axb4 17. axb4 Ne4 18. Ng1 Bg6 19. Bd3 Nxc3 20. Qxc3 Bxd3 21. Qxd3 Ra4
22. Qc3 Nf6 23. f3 Rfa8 24. Ne2 Nd7 25. e4 Ra2 26. Qb3 R2a6 27. Nc3 Bg5 28.
Rcd1 Bf4 29. Ne2 Bg5 30. f4 Be7 31. e5 Nf8 32. g4 f5 33. Rg1 Kh8 34. Qg3 Bd8
35. Nc3 Qf7 36. Rd2 Ng6 37. g5 1/2-1/2

[Event "Bergen Sommer op"]
[Site "Bergen"]
[Date "2002.07.24"]
[Round "5"]
[White "Sander, Rolf"]
[Black "Carlsen, Magnus"]
[Result "0-1"]
[WhiteElo "2061"]
[BlackElo "2214"]
[PlyCount "58"]
[EventDate "2002.07.20"]
[EventType "swiss"]
[EventRounds "9"]
[EventCountry "NOR"]

1. e4 e6 2. d4 d5 3. exd5 exd5 4. Nf3 Nf6 5. c4 Bb4+ 6. Nc3 O-O 7. Be3 Nc6 8.
Bd3 dxc4 9. Bxc4 Bg4 10. O-O Qd6 11. a3 Bxc3 12. bxc3 Na5 13. Bd3 Qd5 14. Rb1
a6 15. h3 Bh5 16. g4 Bg6 17. Ne5 Bxd3 18. Qxd3 b5 19. Rfe1 Nc4 20. Bg5 Nd7 21.
Nxc4 bxc4 22. Qe3 Nb6 23. Bf4 Qd7 24. Qg3 Nd5 25. Re5 f6 26. Re2 Rab8 27. Reb2
Rxb2 28. Rxb2 Qe7 29. Rb1 Qe4 0-1

[Event "Bergen Sommer op"]
[Site "Bergen"]
[Date "2002.07.23"]
[Round "4"]
[White "Carlsen, Magnus"]
[Black "Anagnostopoulos, Dimitrios"]
[Result "0-1"]
[WhiteElo "2214"]
[BlackElo "2446"]
[PlyCount "43"]
[EventDate "2002.07.20"]
[EventType "swiss"]
[EventRounds "9"]
[EventCountry "NOR"]

1. e4 c5 2. Nf3 d6 3. d4 cxd4 4. Nxd4 Nf6 5. Nc3 g6 6. Be3 Bg7 7. f3 Nc6 8. Qd2
O-O 9. O-O-O d5 10. exd5 Nxd5 11. Nxc6 bxc6 12. Nxd5 cxd5 13. Qxd5 Qc7 14. Qc5
Qb8 15. Qa3 a5 16. Bd4 Rd8 17. Qc5 Bf5 18. Bc4 Rc8 19. Qd5 e6 20. Qxa8 Qxa8 21.
Bxg7 Kxg7 22. Bd3 0-1

[Event "Bergen Sommer op"]
[Site "Bergen"]
[Date "2002.07.22"]
[Round "3"]
[White "Ellingsen, Ronny"]
[Black "Carlsen, Magnus"]
[Result "0-1"]
[WhiteElo "2053"]
[BlackElo "2214"]
[PlyCount "78"]
[EventDate "2002.07.20"]
[EventType "swiss"]
[EventRounds "9"]
[EventCountry "NOR"]

1. e4 c5 2. Nf3 d6 3. d4 Nf6 4. Nc3 cxd4 5. Nxd4 Nc6 6. Bg5 e6 7. Qd2 a6 8. Be2
Bd7 9. Rd1 b5 10. a3 Rc8 11. O-O h6 12. Be3 Be7 13. f4 O-O 14. Nb3 Re8 15. Bf3
e5 16. Nd5 Nxd5 17. exd5 exf4 18. Bxf4 Ne5 19. Bxe5 dxe5 20. Be4 Bd6 21. Qd3
Rf8 22. Rd2 a5 23. Bf5 Bxf5 24. Qxf5 g6 25. Qf6 a4 26. Nc1 Bc5+ 27. Kh1 Qxf6
28. Rxf6 Be3 29. Rd1 Rxc2 30. Nd3 e4 31. Nb4 Rxb2 32. d6 Rd2 33. Re1 Bc5 34.
Rff1 Bxb4 35. axb4 Re8 36. g4 Rxd6 37. Rd1 Rxd1 38. Rxd1 e3 39. Kg2 Re4 0-1